| 000 | 03766cam a22004934i 4500 | ||
|---|---|---|---|
| 003 | PE-LiUPU | ||
| 005 | 20250731173112.0 | ||
| 008 | 190102s2018 miua r 001 0 eng | ||
| 020 | _a0310534453 | ||
| 020 | _a9780310534457 | ||
| 035 | _a(Sirsi) a251248 | ||
| 049 | _aPRUA | ||
| 082 | 0 | 4 |
_a226.3067 _bR31 _223 |
| 245 | 0 | 0 |
_aReading Mark in context : _bJesus and Second Temple Judaism / _cBen C. Blackwell, John K. Goodrich & Jason Maston, editors. |
| 264 | 1 |
_aGrand Rapids : _bZondervan, _c[2018]. |
|
| 300 |
_a286 páginas : _bilustraciones; _c23 centímetros |
||
| 336 |
_atext _2rdacontent |
||
| 337 |
_aunmediated _2rdamedia |
||
| 338 |
_avolume _2rdacarrier |
||
| 504 | _aÍndice: páginas 267-286. | ||
| 505 | 0 | _aRule of the community and Mark 1:1-13: -- The parables of Enoch and Mark 1:14-2:12: the authoritative Son of Man -- Josephus and Mark 2:13-3:6: controversies with the scribes and Pharisees -- The testaments of the twelve patriarchs and Mark 3:7-35: apocalyptic and the kingdom -- 4Ezra and Mark 4:1-34: parables on seeds, sowing, and fruit -- The Testament of Solomon and Mark 5:1-20: exorcism and power over evil spirits -- Mishnah Zabim and Mark 5:21-6:6a: the rules on purity -- Josephus and Mark 6:6b-29: Herod Antipas's execution of John the Baptist -- 4QConsolations and Mark 6:30-56: images of a new exodus -- The letter of Aristeas and Mark 7:1-23: developing ideas of defilement -- Jubilees and Mark 7:24-37: crossing ethnic boundaries -- The Damascus document and Mark 8:1-26: blindness and sight on "the way" -- Sirach and Mark 8:27-9:13: Elijah and the Eschaton -- Tobit and Mark 9:14-29: imperfect faith -- Rule of the community and Mark 9:30-50: discipleship reordered -- Mishnah Gittin and Mark 10:1-12: marriage and divorce -- Eschatological admonition and Mark 10:13-31: riches, poverty, and the faithful -- Rule of the congregation and Mark 10:32-52: glory and greatness in eschatological Israel -- 1 Maccabees and Mark 11:1-11: a subversive entry into Jerusalem -- Psalms of Solomon and Mark 11:12-25: the great priestly showdown at the temple -- The animal apocalypse and Mark 11:27-12:12: the rejection of the prophets and the destruction of the temple -- Josephus and Mark 12:13-27: the Sadducees, resurrection, and the law -- Psalms of Solomon and Mark 12:28-44: the Messiah's surprising identity and role -- The parables of Enoch and Mark 13:1-37: apocalyptic eschatology and the coming Son of Man --Mishnah Pesahim and Mark 14:1-25: the Passover tradition -- The Babylonian Talmud and Mark 14:26-52: Abba, Father! -- The parables of Enoch and Mark 14:53-73: blasphemy and exaltation -- Philo of Alexandria and Mark 15:1-15a: Pontius Pilate, a spineless governor? -- 11QTemple and Mark 15:15b-47: burying the crucified -- 2 Maccabees and Mark 16:1-8: resurrection as hope for the present. | |
| 526 | _aSEG42 | ||
| 526 | _aSEG41 | ||
| 526 | _aSEG40 | ||
| 526 | _aSEG39 | ||
| 526 | _aP94 | ||
| 526 | _aP87 | ||
| 526 | _aP86 | ||
| 526 | _aP85 | ||
| 526 | _aP77 | ||
| 526 | _aP76 | ||
| 526 | _aP35 | ||
| 650 | 0 |
_aJudaísmo _xHistoria _yPeríodo exílico, 586 a. C.-210 d. C. |
|
| 650 | 0 |
_aJudaísmo _xPeriodo post-exílico (judaísmo). |
|
| 700 | 1 |
_aBlackwell, Ben C., _d1974-, _eeditor. |
|
| 700 | 1 |
_aGoodrich, John, _d1981-, _eeditor |
|
| 700 | 1 |
_aMaston, Jason, _d1978-, _eeditor. |
|
| 910 |
_adbm _brri _crri _d20190102 |
||
| 942 |
_2ddc _cBOOK |
||
| 994 |
_aC0 _bPEPRU |
||
| 596 | _a1 | ||
| 999 |
_a226.3067 R31 _wDEWEY _c30672 _i79844 _f2021-11-9 _g4 _lCCODEBUL1 _mBUL _p14.99 _r0 _sY _tBOOK _u2019-1-2 _xTEOLOGIA _PP85 _0COMPRA _1FCOMPR2 _o.STAFF. Colección Teología _d30672 |
||
| 980 |
_81 _gALBERTO SANCHEZ Responsable de Automatización |
||